Normal view MARC view
  • Software patterns.

Entry Topical Term

Number of records used in: 1

001 - CONTROL NUMBER

  • control field: 29190

003 - CONTROL NUMBER IDENTIFIER

  • control field: NUST

005 - DATE AND TIME OF LATEST TRANSACTION

  • control field: 20200617142052.0

008 - FIXED-LENGTH DATA ELEMENTS

  • fixed length control field: 200617|| aca||aabn | a|a d

040 ## - CATALOGING SOURCE

  • Original cataloging agency: NUST
  • Transcribing agency: NUST

150 ## - HEADING--TOPICAL TERM

  • Topical term or geographic name entry element: Software patterns.

670 ## - SOURCE DATA FOUND

  • Source citation: Work cat.: (NUST)0: Kuchana, Partha. 29188, Software architecture design patterns in Java /, 2004.
© 2023 Central Library, National University of Sciences and Technology. All Rights Reserved.